Pays ayant disputé au moins une coupe du monde de Basket - Statistiques

Statistiques générales
  • Ce quiz a été pris 698 fois
    427 depuis la dernière actualisation
  • Le résultat moyen est 36 sur 62
Statistiques - réponses
Participations Réponse Meilleur résultat % Correct
États-Unis Champion
99%
France Troisième
99%
15 Canada Sixième
95%
Espagne Champion
95%
7 Allemagne Troisième
91%
14 Argentine Champion
90%
19 Brésil Champion
88%
10 Chine Neuvième
88%
Russie Finaliste
87%
Italie Quatrième
86%
13 Australie Quatrième
85%
Japon Treizième
85%
Serbie Finaliste
84%
Mexique Huitième
80%
Grèce Finaliste
79%
6 Lituanie Troisième
78%
Slovénie Septième
75%
Lettonie Première participation
72%
Nouvelle-Zélande Quatrième
70%
3 Chili Troisième
68%
Turquie Finaliste
68%
Pologne Cinquième
66%
1 Algérie Quinzième
65%
Croatie Troisième
63%
2 Finlande Vingt-deuxième
62%
Pays-Bas Quatorzième
62%
Égypte Cinquième
61%
Ukraine Dix-huitième
61%
Colombie Septième
60%
8 Corée du Sud Onzième
60%
Tunisie Vingtième
59%
URSS Champion
59%
Yougoslavie Champion
57%
Uruguay Sixième
56%
4 Cuba Quatrième
55%
Sénégal Quatorzième
54%
Pérou Septième
52%
République Tchèque Sixième
52%
Iran Dix-neuvième
51%
Vénézuela Douzième
51%
Nigéria Treizième
50%
Monténégro Vingt-cinquième
47%
Paraguay Neuvième
45%
5 Cote d'Ivoire Treizième
44%
Philippines Troisième
44%
Qatar Vingt-quatrième
41%
Bulgarie Septième
39%
Équateur Huitième
38%
Israel Septième
38%
Liban Vingt-troisième
37%
Panama Neuvième
37%
9 Angola Dixième
36%
Porto Rico Quatrième
34%
République Dominicaine Douzième
33%
Géorgie Première participation
32%
Jordanie Vingt-troisième
29%
Tchécoslovaquie Sixième
29%
Soudan du Sud Première participation
28%
Taiwan Quatrième
26%
Malaisie Vingt-quatrième
25%
Cap vert Première participation
16%
République Centrafricaine Quatorzième
9%
Aucun quiz correspondant
Distribution des résultats
% des personnes avec chaque résultat
Percentile par nombre de réponses
Votre historique - résultats
Vous n’avez pas pris ce quiz depuis la dernière actualisation